Taylor Swift - Paroles 'tis the damn season - Statistiques

Statistiques générales
  • Ce quiz a été pris 49 fois
    26 depuis la dernière actualisation
  • Le résultat moyen est 374 sur 411
Statistiques - réponses
Hint Réponse % Correct
all
100%
at
100%
babe
100%
call
100%
can
100%
could
100%
damn
100%
don't
100%
even
100%
Even
100%
ever
100%
for
100%
go
100%
house
100%
I
100%
Couplet 1 If
100%
if
100%
I'm
100%
it
100%
Outro It
100%
It's
100%
it's
100%
me
100%
me,
100%
my
100%
on
100%
parents'
100%
season,
100%
season
100%
stay
100%
stayin'
100%
the
100%
The
100%
this
100%
'Tis
100%
we
100%
Refrain We
100%
weekend
100%
were
100%
with
100%
write
100%
you
100%
You
100%
you,
100%
about
92%
always
92%
an
92%
And
92%
and
92%
as
92%
ask
92%
back
92%
be
92%
bed
92%
books
92%
But
92%
but
92%
down
92%
hanging
92%
hear
92%
hometown
92%
I'll
92%
in
92%
is
92%
I've
92%
just
92%
know
92%
known
92%
L.A.
92%
leads
92%
leave
92%
like
92%
not
92%
now
92%
Now
92%
of
92%
out
92%
own
92%
same
92%
Refrain So
92%
so
92%
that
92%
to
92%
To
92%
warmest
92%
was
92%
when
92%
who
92%
won't
92%
your
92%
asked
83%
breakin'
83%
called
83%
fakin'
83%
friends
83%
gone
83%
good
83%
have
83%
heart
83%
how
83%
leavin'
83%
looks
83%
make
83%
okay
83%
old
83%
only
83%
road
83%
smile,
83%
smiles
83%
taken
83%
tell
83%
there
83%
There's
83%
though
83%
Time
83%
wanted
83%
which
83%
While
83%
would
83%
around
75%
bad
75%
car
75%
day
75%
far
75%
half
75%
kind
75%
missing
75%
ours
75%
parked
75%
real
75%
right
75%
sake
75%
school
75%
soul
75%
times'
75%
too,
75%
used
75%
wait
75%
watched
75%
wonder
75%
yours
75%
ache
67%
between
67%
by
67%
cold,
67%
escaped
67%
felt
67%
flies,
67%
holidays
67%
messy
67%
Methodist
67%
mud
67%
perfume
67%
remember
67%
ride
67%
run,
67%
Bridge Sleep
67%
tires
67%
truck
67%
Who'll
67%
linger
58%
passed
58%
put
50%
glass
42%
up
42%
windshield
42%
fogs
25%
Aucun quiz correspondant
Distribution des résultats
% des personnes avec chaque résultat
Percentile par nombre de réponses
Votre historique - résultats
Vous n’avez pas pris ce quiz depuis la dernière actualisation